Statistieken voor Trainers van Club Brugge

Klik hier om de quiz te nemen!

Algemene statistieken

  • Deze quiz is 71 keer genomen
    (31 sinds de laatste reset)
  • De gemiddelde score is 11 van 43

Antwoordstatistieken

PeriodeNationaliteitAntwoord% Correct
2013BelgPhilippe Clement
86%
2012BelgPhilippe Clement
86%
2013-2017BelgMichel Preud'homme
82%
2017-2019KroaatIvan Leko
73%
1974-1978OostenrijkerErnst Happel
64%
2005-2006BelgJan Ceulemans
59%
2021NederlanderAlfred Schreuder
55%
2011-2012DuitserChristoph Daum
55%
1989-1991BelgGeorges Leekens
55%
2012BelgGeorges Leekens
55%
2000-2005NoorTrond Sollied
55%
2012-2013SpanjaardJuan Carlos Garrido
50%
2009-2011NederlanderAdrie Koster
36%
1997-1999BelgEric Gerets
36%
1984-1989NederlanderHenk Houwaert
36%
2007MacedoniërČedomir Janevski
32%
2007-2009BelgJacky Mathijssen
32%
1991-1997BelgHugo Broos
27%
2006-2007BelgEmilio Ferrera
18%
1982-1984DuitserGeorg Keßler
18%
1999-2000BelgRené Verheyen
14%
1981-1982BelgRik Coppens
14%
1979-1980NederlanderHan Grijzenhout
9%
1971-1973NederlanderLeo Canjels
9%
1981LuxemburgerAntoine Kohn
5%
1980-1981FransmanGilbert Gress
5%
1967-1968RoemeenNorberto Höfling
5%
1957-1963RoemeenNorberto Höfling
5%
1982BelgRaymond Mertens
5%
1980-1981BelgRaymond Mertens
5%
2011BelgRudi Verkempinck
5%
1978-1980HongaarAndrás Béres (technisch directeur)
0%
1951-1957BelgFélix Schavy
0%
1969-1971NederlanderFrans de Munck
0%
1939-1945BelgGérard Delbeke
0%
1963-1965BelgHenri Dekens
0%
1973-1974NederlanderJacques de Wit
0%
1963ChileenJuan Schwanner
0%
1965-1967TsjechoslovaakLadislav Dupal
0%
1945-1950BelgLouis Versyp
0%
1978-1979BelgMatthieu Bollen
0%
1968-1969JoegoslaafMichel Pavić
0%
1950-1951BritWilliam Kennedy
0%

Scoreverdeling

Percentiel versus Aantal Correcte Antwoorden

Procent van Mensen met Elke Score

Uw Scoregeschiedenis

U heeft deze quiz nog niet genomen sinds de laatste reset